[Event "X Open"]
[Site "Crema ITA"]
[Date "2008.09.07"]
[Round "6"]
[White "Bongiorni, Gabriele"]
[Black "Madaschi, Sergio"]
[Result "0-1"]
[WhiteElo "1813"]
[BlackElo "1595"]
[PlyCount "86"]
[EventDate "2008.09.05"]

1. d4 Nf6 2. c4 g6 3. Nc3 Bg7 4. e4 d6 5. Bd3 O-O 6. Nge2 e5 7. d5 Nbd7 8. b4
a5 9. f3 axb4 10. Nb5 Nc5 11. Be3 c6 12. Bxc5 dxc5 13. dxc6 bxc6 14. a4 cxb5
15. cxb5 Qb6 16. Bc4 Be6 17. Qb3 Bxc4 18. Qxc4 Ra7 19. O-O Rfa8 20. f4 Nd7 21.
Rad1 Qc7 22. f5 Nb6 23. Qb3 Rxa4 24. fxg6 hxg6 25. Qh3 c4 26. Nc1 Ra3 27. Qh4
b3 28. Rd2 c3 29. Rd3 b2 30. Ne2 Ra1 31. Nxc3 Rxf1+ 32. Kxf1 Ra1+ 33. Ke2 b1=Q
34. Nxb1 Rxb1 35. Rd8+ Bf8 36. Qf6 Nd7 37. Qg5 Qc2+ 38. Qd2 Qxe4+ 39. Kf2 Qf4+
40. Ke2 Qf1+ 41. Ke3 Rb3+ 42. Ke4 Qc4+ 43. Qd4 Qxd4# 0-1

[Event "X Open"]
[Site "Crema ITA"]
[Date "2008.09.07"]
[Round "6"]
[White "Casale, Anania"]
[Black "Quagliarella, Sabino Remo"]
[Result "0-1"]
[WhiteElo "1743"]
[BlackElo "1925"]
[PlyCount "76"]
[EventDate "2008.09.05"]

1. d4 Nf6 2. c4 g6 3. Nc3 Bg7 4. e4 d6 5. f3 O-O 6. Be3 Nbd7 7. Qd2 e5 8. d5
Nh5 9. O-O-O f5 10. Bg5 Ndf6 11. g4 fxg4 12. fxg4 Bxg4 13. Be2 Bxe2 14. Qxe2
Qd7 15. h3 Ng3 16. Qh2 Nxh1 17. Qxh1 Nh5 18. Be3 Rf7 19. Nf3 h6 20. Qg2 Kh7 21.
Nh4 Rf6 22. Rg1 Qf7 23. Nd1 Nf4 24. Bxf4 exf4 25. Nf3 Re8 26. Nf2 g5 27. h4
gxh4 28. Nxh4 f3 29. Qg3 Rg8 30. Rh1 Bh8 31. Qh3 Qg7 32. Nf5 Qg5+ 33. Kc2 Rxf5
34. exf5 Qe3 35. f6 Qxf2+ 36. Kb1 Rg1+ 37. Rxg1 Qxg1+ 38. Kc2 Qg2+ 0-1

[Event "X Open"]
[Site "Crema ITA"]
[Date "2008.09.07"]
[Round "6"]
[White "Castrogiovanni, Carlo"]
[Black "Bonade', Massimo"]
[Result "0-1"]
[WhiteElo "2055"]
[BlackElo "2110"]
[PlyCount "74"]
[EventDate "2008.09.05"]

1. d4 Nf6 2. Nf3 e6 3. e3 d5 4. c4 Nbd7 5. Bd3 c6 6. Nbd2 Bd6 7. Rb1 Qe7 8. e4
dxe4 9. Nxe4 Nxe4 10. Bxe4 h6 11. O-O O-O 12. b3 e5 13. Re1 f5 14. Bc2 e4 15.
Bb2 Qe8 16. c5 Bc7 17. Nh4 Nf6 18. g3 Ba5 19. Rf1 Nd5 20. Ng2 f4 21. a3 f3 22.
Ne3 Bh3 23. Nxd5 cxd5 24. Bc1 Bxf1 25. Qxf1 Bd8 26. Be3 Bf6 27. b4 Qe7 28. Qh3
Bg5 29. Re1 Bxe3 30. Rxe3 Qe8 31. Bb3 Rd8 32. Qg4 Kh8 33. h4 a5 34. Qh3 axb4
35. axb4 Qb5 36. Qe6 Qxb4 37. g4 Qxd4 0-1

[Event "X Open"]
[Site "Crema ITA"]
[Date "2008.09.07"]
[Round "6"]
[White "Cautiero, Pietro"]
[Black "Frugoni, Giulio"]
[Result "0-1"]
[WhiteElo "1900"]
[BlackElo "1559"]
[PlyCount "62"]
[EventDate "2008.09.05"]

1. e4 Nf6 2. e5 Nd5 3. Bc4 Nb6 4. Bb3 d5 5. exd6 exd6 6. d4 d5 7. Bf4 c5 8.
dxc5 Bxc5 9. Nc3 Bb4 10. Qd4 Bxc3+ 11. Qxc3 O-O 12. O-O-O Nc6 13. Nf3 Bf5 14.
Be3 a5 15. a4 Nb4 16. Nd4 Rc8 17. Qd2 Bg6 18. Kb1 Nc4 19. Bxc4 Rxc4 20. Rc1 Qc7
21. Ka1 Nxc2+ 22. Nxc2 Bxc2 23. Rxc2 Rxc2 24. Qxd5 Rc8 25. Rd1 Rxb2 26. Rc1 Rc2
27. Rxc2 Qxc2 28. Qd7 h6 29. Qxb7 Qxa4+ 30. Kb1 Rc3 31. Qd5 Qb4+ 0-1

[Event "X Open"]
[Site "Crema ITA"]
[Date "2008.09.07"]
[Round "6"]
[White "Cecchini, Massimo S."]
[Black "Vishanji, Adrian"]
[Result "1-0"]
[WhiteElo "1762"]
[BlackElo "1974"]
[PlyCount "61"]
[EventDate "2008.09.05"]

1. d4 d5 2. Nf3 Nf6 3. c4 e6 4. g3 b6 5. Bg2 Bb7 6. O-O Bd6 7. Nc3 O-O 8. b3
Nbd7 9. Bb2 c6 10. Qc2 Rc8 11. Rfe1 c5 12. Nb5 Bb8 13. dxc5 Nxc5 14. Rad1 Qe7
15. Ng5 h6 16. Bxf6 hxg5 17. Bxe7 Rfe8 18. Bxg5 a6 19. Nc3 b5 20. cxb5 axb5 21.
Nxb5 Ne4 22. Qxc8 Rxc8 23. Bxe4 dxe4 24. Rd8+ Rxd8 25. Bxd8 Ba6 26. Nc3 f5 27.
e3 Kf7 28. Na4 Bd6 29. Bb6 g5 30. Rd1 Ke7 31. Bc5 1-0

[Event "X Open"]
[Site "Crema ITA"]
[Date "2008.09.07"]
[Round "6"]
[White "Cervini, Ernesto"]
[Black "Mussap, Angelo"]
[Result "1-0"]
[WhiteElo "1494"]
[BlackElo "2056"]
[PlyCount "50"]
[EventDate "2008.09.05"]

1. d4 d5 2. c4 Nf6 3. Nc3 Bf5 4. e3 e6 5. c5 Be7 6. Bd3 Bg4 7. Nge2 c6 8. O-O
Nbd7 9. Qc2 O-O 10. e4 e5 11. exd5 cxd5 12. dxe5 Nxe5 13. Bf5 Bh5 14. Bf4 Ng6
15. Be3 Qc7 16. Bd4 Bxe2 17. Bxf6 Bxf6 18. Qxe2 Qxc5 19. Rac1 Qa5 20. Rfe1 Nf4
21. Qf3 Bg5 22. Rcd1 Ne6 23. Rxd5 Qxd5 24. Nxd5 Nd4 25. Qe4 Rae8 1-0

[Event "X Open"]
[Site "Crema ITA"]
[Date "2008.09.07"]
[Round "6"]
[White "Ficco, Corrado"]
[Black "Panjkovic, Aleksandar"]
[Result "1/2-1/2"]
[WhiteElo "2141"]
[BlackElo "2148"]
[PlyCount "90"]
[EventDate "2008.09.05"]

1. e4 d5 2. exd5 Qxd5 3. Nc3 Qd6 4. d4 Nf6 5. Nf3 a6 6. g3 b5 7. Bf4 Qb6 8. Bg2
Bb7 9. O-O e6 10. Re1 Bd6 11. Be3 c5 12. dxc5 Bxc5 13. Ne5 Bxg2 14. Kxg2 O-O
15. Qf3 Ra7 16. Rad1 Rc7 17. Bf4 Rcc8 18. Ne4 Nd5 19. c3 f6 20. Nd3 Be7 21.
Bxb8 Rxb8 22. Nf4 Nxf4+ 23. Qxf4 Rbd8 24. Qf3 Rxd1 25. Rxd1 Rd8 26. Rd3 f5 27.
Nd2 Rxd3 28. Qxd3 Qd6 29. Qxd6 Bxd6 30. f4 e5 31. fxe5 Bxe5 32. Nf3 Bf6 33. Kf2
Kf7 34. Ke3 g6 35. Kf4 h6 36. Ne5+ Kg7 37. h4 Bd8 38. Kf3 Bc7 39. Nc6 Bd6 40.
b3 Kf6 41. a4 bxa4 42. bxa4 g5 43. hxg5+ hxg5 44. g4 fxg4+ 45. Kxg4 Ke6 1/2-1/2

[Event "X Open"]
[Site "Crema ITA"]
[Date "2008.09.07"]
[Round "6"]
[White "Fizzotti, Mario"]
[Black "Giassi, Roberto"]
[Result "1-0"]
[WhiteElo "1837"]
[BlackElo "1461"]
[PlyCount "74"]
[EventDate "2008.09.05"]

1. d4 d5 2. Nf3 Nf6 3. c4 Bf5 4. Nc3 e6 5. Bg5 Be7 6. e3 a6 7. Qa4+ Nbd7 8. Ne5
c6 9. Qb3 Qc7 10. cxd5 cxd5 11. Nxd7 Qxd7 12. Be2 O-O 13. O-O h6 14. Bf4 Rac8
15. Rac1 Ne4 16. Nxe4 Bxe4 17. Bd3 Bxd3 18. Qxd3 Rxc1 19. Rxc1 Rc8 20. Qd2
Rxc1+ 21. Qxc1 Qc6 22. Qxc6 bxc6 23. a3 a5 24. a4 Bd8 25. Kf1 g5 26. Bd6 Kg7
27. b4 f5 28. Ke2 Kf7 29. Kd3 Ke8 30. Kc3 Kd7 31. Bf8 h5 32. bxa5 Bxa5+ 33. Bb4
Bxb4+ 34. Kxb4 Kc7 35. Kc5 f4 36. a5 fxe3 37. fxe3 g4 1-0

[Event "X Open"]
[Site "Crema ITA"]
[Date "2008.09.07"]
[Round "6"]
[White "Gonella, Daniele"]
[Black "Maccarini, Luca Nicola"]
[Result "1/2-1/2"]
[WhiteElo "1739"]
[BlackElo "1920"]
[PlyCount "124"]
[EventDate "2008.09.05"]

1. e4 e5 2. Nf3 Nf6 3. Nxe5 d6 4. Nf3 Nxe4 5. d4 d5 6. Bd3 Bd6 7. O-O O-O 8.
Re1 f5 9. c4 c6 10. cxd5 cxd5 11. Nc3 Bb4 12. Qb3 Bxc3 13. bxc3 Be6 14. Ba3 Re8
15. Qxb7 Nd7 16. Qb3 Qa5 17. Bb4 Qc7 18. Rac1 Reb8 19. Qc2 Rc8 20. Nd2 Ndf6 21.
f3 Qf4 22. Nxe4 fxe4 23. fxe4 a5 24. Bd6 Qh6 25. Qe2 dxe4 26. Bb1 Bg4 27. Qe3
Qxe3+ 28. Rxe3 Nd5 29. Rg3 Bf5 30. c4 Ra6 31. Be5 g6 32. Rf1 Ne7 33. c5 Kf7 34.
Bxe4 Ke6 35. Bxf5+ Nxf5 36. Rb3 Kd5 37. Rb6 Rc6 38. Rxa6 Rxa6 39. Rb1 Nxd4 40.
Bxd4 Kxd4 41. Rb6 Ra7 42. c6 Rc7 43. Rb5 Rxc6 44. Rxa5 Rc1+ 45. Kf2 Rc2+ 46.
Kg3 Rc3+ 47. Kh4 Rc2 48. Kh3 Rc3+ 49. g3 Rc2 50. a4 h5 51. Rg5 Rc6 52. Rb5 Kc4
53. Rb1 Ra6 54. Rf1 Kd3 55. Rf4 Ke3 56. Kh4 Ra5 57. Rf6 Rxa4+ 58. Kg5 Rg4+ 59.
Kh6 h4 60. Rxg6 Rxg6+ 61. Kxg6 hxg3 62. hxg3 Kf3 1/2-1/2

[Event "X Open"]
[Site "Crema ITA"]
[Date "2008.09.07"]
[Round "6"]
[White "Kljunic, Brane"]
[Black "Panizzi, Giuseppe"]
[Result "0-1"]
[WhiteElo "1527"]
[BlackElo "2101"]
[PlyCount "86"]
[EventDate "2008.09.05"]

1. d4 Nf6 2. Nc3 d5 3. Bf4 c6 4. Nf3 Bf5 5. e3 h6 6. Be2 e6 7. Qd2 Nbd7 8. a3
a5 9. h3 a4 10. Na2 Ne4 11. Qd1 c5 12. c3 Qb6 13. Qc1 Be7 14. O-O O-O 15. Bd3
Rfc8 16. Re1 Bg6 17. Ne5 Nxe5 18. dxe5 c4 19. Bc2 Qc7 20. f3 Nc5 21. Bxg6 fxg6
22. Qc2 g5 23. Bh2 Nd3 24. Rf1 Qb6 25. Qd2 Bc5 26. Rfe1 Nxe1 27. Rxe1 Rf8 28.
Kh1 Rf7 29. f4 gxf4 30. exf4 Qd8 31. Rf1 Qh4 32. Nc1 Raf8 33. Ne2 g5 34. Bg3
Qh5 35. Rf3 g4 36. Rf1 gxh3 37. Rf3 Rg7 38. Nd4 Bxd4 39. Qxd4 Qg4 40. f5 hxg2+
41. Kxg2 Qxd4 42. cxd4 Rxf5 43. Rxf5 exf5 0-1

[Event "X Open"]
[Site "Crema ITA"]
[Date "2008.09.07"]
[Round "6"]
[White "Martino, Antonio M."]
[Black "Carbone, Lorenzo"]
[Result "1/2-1/2"]
[WhiteElo "2007"]
[BlackElo "1767"]
[PlyCount "48"]
[EventDate "2008.09.05"]

1. c4 c5 2. Nc3 e6 3. Nf3 Nc6 4. g3 Nf6 5. Bg2 Be7 6. O-O O-O 7. d4 cxd4 8.
Nxd4 a6 9. e4 Qc7 10. Be3 Nxd4 11. Qxd4 e5 12. Qd3 d6 13. Nd5 Nxd5 14. cxd5 Bd7
15. Rfc1 Qd8 16. Rc3 Rc8 17. Rac1 Rxc3 18. Qxc3 Bf6 19. Qb4 Qb8 20. Bf1 Be7 21.
Bb6 Rc8 22. Rxc8+ Qxc8 23. Qc4 Qxc4 24. Bxc4 Kf8 1/2-1/2

[Event "X Open"]
[Site "Crema ITA"]
[Date "2008.09.07"]
[Round "6"]
[White "Mattia, Ermanno"]
[Black "Vishanji, Franz"]
[Result "1-0"]
[WhiteElo "1646"]
[BlackElo "1422"]
[PlyCount "53"]
[EventDate "2008.09.05"]

1. e4 e5 2. Nf3 Nc6 3. d4 f6 4. dxe5 fxe5 5. Bc4 d6 6. Qd5 Qe7 7. Bg5 Nf6 8.
Bxf6 gxf6 9. Nc3 a6 10. a3 Be6 11. Qxe6 Qxe6 12. Bxe6 Ke7 13. Bd5 Nd4 14. Nxd4
exd4 15. Ne2 c6 16. Ba2 c5 17. Bd5 Rb8 18. O-O-O b5 19. f4 Bh6 20. Kb1 b4 21.
a4 Rhc8 22. g4 c4 23. Rxd4 c3 24. b3 Bg7 25. Ng3 f5 26. Nxf5+ Kd7 27. Nxg7 1-0

[Event "X Open"]
[Site "Crema ITA"]
[Date "2008.09.07"]
[Round "6"]
[White "Milanesi, Erminio"]
[Black "Folcini, Gaddo"]
[Result "1-0"]
[WhiteElo "1879"]
[BlackElo "1516"]
[PlyCount "115"]
[EventDate "2008.09.05"]

1. g3 e5 2. Bg2 Bc5 3. e3 Nc6 4. Nh3 d5 5. f3 Bxh3 6. Bxh3 d4 7. exd4 Qxd4 8.
Qe2 Nf6 9. Nc3 O-O 10. d3 e4 11. fxe4 Rfe8 12. Rf1 Bb4 13. Bd2 Qb6 14. Rxf6
gxf6 15. Nd5 Bxd2+ 16. Kxd2 Qa5+ 17. c3 Kh8 18. Nxf6 Qg5+ 19. Qe3 Qxf6 20. Rf1
Qe7 21. Bf5 Ne5 22. Qh6 Ng6 23. h4 Rad8 24. h5 Nf8 25. Rf4 Qd6 26. Qxd6 Rxd6
27. d4 c5 28. Ke3 cxd4+ 29. cxd4 Ne6 30. Bxe6 fxe6 31. Rf7 Red8 32. Rxb7 Rxd4
33. Rxa7 Rd3+ 34. Kf4 Rf8+ 35. Ke5 Rxg3 36. Kxe6 Rg5 37. h6 Rg6+ 38. Kd5 Rxh6
39. Re7 Rh2 40. Rb7 Re8 41. a4 Rd2+ 42. Kc4 Rxe4+ 43. Kc3 Rd8 44. a5 Ra8 45. b4
h5 46. Rb5 Kg7 47. Rxh5 Rc8+ 48. Kb3 Rec4 49. Rb5 Rc3+ 50. Ka4 Rh8 51. Rb6 Rhh3
52. a6 Ra3+ 53. Kb5 Rh6 54. Rxh6 Kxh6 55. Kb6 Ra4 56. b5 Ra3 57. a7 Kg7 58. Kb7
1-0

[Event "X Open"]
[Site "Crema ITA"]
[Date "2008.09.07"]
[Round "6"]
[White "Orlandi, Stefano"]
[Black "Oteri, Aldo"]
[Result "0-1"]
[WhiteElo "1962"]
[BlackElo "1844"]
[PlyCount "128"]
[EventDate "2008.09.05"]

1. e4 e6 2. d4 d5 3. Nd2 c5 4. c3 cxd4 5. cxd4 Nc6 6. Ngf3 Nf6 7. e5 Ne4 8. Bb5
Bd7 9. O-O Nxe5 10. Bxd7+ Nxd7 11. Nxe4 dxe4 12. Ng5 Be7 13. Nxe4 Nf6 14. Qa4+
Qd7 15. Qxd7+ Kxd7 16. Ng5 Rhf8 17. Be3 Nd5 18. Nf3 f6 19. Rac1 Rfc8 20. a3 b5
21. Nd2 b4 22. a4 Nb6 23. b3 Nd5 24. Nc4 Rc7 25. Rc2 Rac8 26. Rfc1 Ke8 27. Kf1
g5 28. Ke1 h5 29. h3 Kd7 30. f3 Bd6 31. Kf2 h4 32. Ke2 Bf4 33. Bxf4 gxf4 34.
Kd3 Rg8 35. Re1 Rc6 36. Rce2 Ne3 37. Nxe3 Rc3+ 38. Ke4 fxe3 39. Rb1 Kd6 40.
Rbb2 f5+ 41. Kf4 Rd3 42. a5 Rxd4+ 43. Kxe3 e5 44. Rbd2 Kd5 45. Rxd4+ exd4+ 46.
Kd3 Rc8 47. Rc2 Rc3+ 48. Kd2 Rxb3 49. Rc7 Ra3 50. Rxa7 b3 51. Kc1 Ra2 52. Rb7
Kc4 53. Rc7+ Kd3 54. Rb7 Rxa5 55. Rxb3+ Ke2 56. Rb2+ Ke1 57. Kc2 Ra3 58. Rb1+
Ke2 59. Kb2 Ra7 60. Rc1 d3 61. Rc8 Re7 62. Rd8 d2 63. Kc2 d1=Q+ 64. Rxd1 Rc7+
0-1

[Event "X Open"]
[Site "Crema ITA"]
[Date "2008.09.07"]
[Round "6"]
[White "Pisani, Valerio"]
[Black "Tedoldi, Guido"]
[Result "0-1"]
[WhiteElo "1707"]
[BlackElo "1449"]
[PlyCount "110"]
[EventDate "2008.09.05"]

1. e4 c5 2. Nf3 d6 3. d4 cxd4 4. Nxd4 e5 5. Nf3 Nf6 6. Nc3 Bg4 7. Be2 Be7 8.
O-O O-O 9. Be3 Nc6 10. h3 Bh5 11. Nh2 Bxe2 12. Qxe2 Qc7 13. Rfd1 a6 14. Rd2 b5
15. a3 Na5 16. Rb1 Nc4 17. Rd3 Qb7 18. Bg5 Nb6 19. Bxf6 Bxf6 20. Ng4 Qe7 21.
Rbd1 Rfd8 22. b3 Rac8 23. Ne3 Rd7 24. Nf5 Qd8 25. Qe3 Rc6 26. Qd2 Bg5 27. Qe2
g6 28. Ng3 Qc7 29. Qf3 Qd8 30. Nf1 Rc5 31. g3 a5 32. h4 Bh6 33. b4 axb4 34.
axb4 Rc4 35. Nxb5 Rxb4 36. Nxd6 Rd4 37. Rxd4 exd4 38. Nb5 Bg7 39. Qd3 Na4 40.
Nh2 Nb2 41. Qd2 Nxd1 42. Qxd1 Qb6 43. Qd3 Qa5 44. Nf3 Qa1+ 45. Kg2 Qb2 46. Kh3
h6 47. e5 Qb4 48. g4 Qc5 49. h5 g5 50. Nbxd4 Bxe5 51. c3 Qd5 52. Kg2 Rc7 53.
Kf1 Bxd4 54. Qxd4 Qxd4 55. Nxd4 Rxc3 0-1

[Event "X Open"]
[Site "Crema ITA"]
[Date "2008.09.07"]
[Round "6"]
[White "Potenza, Gaetano"]
[Black "Distratis, Gianluca"]
[Result "0-1"]
[WhiteElo "1668"]
[BlackElo "1873"]
[PlyCount "118"]
[EventDate "2008.09.05"]

1. e4 d5 2. exd5 Nf6 3. d4 Nxd5 4. Nf3 g6 5. c4 Nb6 6. h3 Bg7 7. Nc3 O-O 8. Be2
Nc6 9. Be3 e5 10. d5 Na5 11. Bxb6 axb6 12. b4 e4 13. Nxe4 Qe7 14. Rb1 Nxc4 15.
Bxc4 Qxe4+ 16. Be2 Bc3+ 17. Kf1 Rxa2 18. h4 Rxe2 19. Rc1 Rd2 20. Nxd2 Qd3+ 21.
Kg1 Bxd2 22. Rc2 Qxd5 23. Rxd2 Qb5 24. h5 Qxb4 25. h6 Bf5 26. Qa1 Qb1+ 27. Kh2
Qxa1 28. Rxa1 c5 29. Rb2 c4 30. Rxb6 Rc8 31. Rxb7 Kf8 32. Raa7 Be6 33. Rc7 Rxc7
34. Rxc7 Ke8 35. Kg3 Kd8 36. Ra7 Bd5 37. f3 c3 38. Kf2 c2 39. Ra1 Ba2 40. Ke1
Ke7 41. Kd2 Bb1 42. Ra8 Kf6 43. Rh8 g5 44. Rxh7 c1=Q+ 45. Kxc1 Bxh7 46. Kd2 Kg6
47. Ke3 Kxh6 48. Kf2 Kg6 49. Kg3 Kf5 50. Kf2 Ke5 51. Ke3 f5 52. g3 f4+ 53. Kf2
Kd4 54. gxf4 gxf4 55. Ke2 Bd3+ 56. Kf2 Bc4 57. Kg1 Ke3 58. Kg2 Be2 59. Kg1 Kxf3
0-1

[Event "X Open"]
[Site "Crema ITA"]
[Date "2008.09.07"]
[Round "6"]
[White "Ranzato, Paolo"]
[Black "Stradiotti, Maurizio"]
[Result "1-0"]
[WhiteElo "1801"]
[BlackElo "1697"]
[PlyCount "81"]
[EventDate "2008.09.05"]

1. f4 e5 2. fxe5 d6 3. exd6 Bxd6 4. Nf3 g5 5. g3 Nc6 6. d4 Bf5 7. Bxg5 f6 8.
Bd2 Qe7 9. c3 O-O-O 10. Nh4 Be4 11. Rg1 h5 12. Bg2 Nh6 13. Bxh6 Rxh6 14. Bxe4
Qxe4 15. Qd3 Qe8 16. Nd2 Kb8 17. Nf5 Rh8 18. Nxd6 Rxd6 19. O-O-O Qf7 20. Kb1
Ne5 21. Qf5 Ng4 22. Nf1 Ra6 23. b3 Rd8 24. e4 Rdd6 25. h3 Rdb6 26. Qd5 Qf8 27.
hxg4 Rd6 28. Qf5 b6 29. Ne3 Ra5 30. d5 b5 31. Rg2 Rda6 32. b4 Ra4 33. d6 c6 34.
Qe6 c5 35. Qe7 Qg8 36. Nd5 Qxg4 37. Qe8+ Kb7 38. Qxb5+ Kc8 39. Ne7+ Kd8 40.
Qb8+ Kd7 41. Qc8# 1-0

[Event "X Open"]
[Site "Crema ITA"]
[Date "2008.09.07"]
[Round "6"]
[White "Saba, Marco"]
[Black "Guzzetti, Luigi Enrico"]
[Result "1-0"]
[WhiteElo "1921"]
[BlackElo "1739"]
[PlyCount "107"]
[EventDate "2008.09.05"]

1. e4 c5 2. b4 e5 3. Nf3 Qc7 4. Bb2 d6 5. bxc5 Qxc5 6. d4 exd4 7. Bxd4 Qa5+ 8.
Nc3 Nc6 9. Bb5 Bd7 10. O-O O-O-O 11. Rb1 f6 12. Nd5 Nge7 13. Bc3 Qa3 14. Rb3
Qc5 15. Nxe7+ Bxe7 16. Nd4 Nxd4 17. Bxd4 Bxb5 18. Bxc5 dxc5 19. Qg4+ Bd7 20.
Qxg7 Rde8 21. Rd1 Bc6 22. Qf7 h5 23. Qe6+ Kc7 24. f3 b5 25. Rbd3 Kb6 26. Qf7 c4
27. R3d2 Bc5+ 28. Kh1 Ref8 29. Qe6 h4 30. Rb1 h3 31. gxh3 Rh5 32. Rd5 Rfh8 33.
Rxh5 Rxh5 34. Qxf6 Rxh3 35. c3 a5 36. Kg2 Rh7 37. Qd8+ Ka6 38. h4 Rd7 39. Qc8+
Kb6 40. Rb2 Rd1 41. Qe6 Kc7 42. h5 Rd6 43. Qf7+ Rd7 44. Qf4+ Bd6 45. Qe3 Kb7
46. Rd2 Rg7+ 47. Kf1 Bc7 48. h6 Rf7 49. Rg2 Bb6 50. Qe2 Ka6 51. Rg7 Rf6 52. h7
Rh6 53. Qg2 b4 54. Rg6 1-0

[Event "X Open"]
[Site "Crema ITA"]
[Date "2008.09.07"]
[Round "6"]
[White "Scarabelli, Maurizio"]
[Black "Caramaschi, Vincenzo"]
[Result "1-0"]
[WhiteElo "1927"]
[BlackElo "1656"]
[PlyCount "59"]
[EventDate "2008.09.05"]

1. e4 e5 2. Nf3 Nc6 3. Bb5 Nf6 4. d3 d6 5. c3 Be7 6. Nbd2 Bd7 7. b4 O-O 8. Nf1
Qc8 9. Ng3 g6 10. Bg5 Re8 11. O-O Ng4 12. Bxe7 Nxe7 13. Bc4 Kg7 14. Qd2 Be6 15.
Bb3 Bxb3 16. axb3 f5 17. h4 f4 18. Ne2 h6 19. d4 Ng8 20. c4 N8f6 21. Nc3 a6 22.
Ra4 Nh5 23. Rfa1 b6 24. Nd5 Nhf6 25. Nc3 Qb7 26. d5 Re7 27. b5 a5 28. b4 Ree8
29. bxa5 Rxa5 30. Rxa5 1-0

[Event "X Open"]
[Site "Crema ITA"]
[Date "2008.09.07"]
[Round "6"]
[White "Sperli', Maurizio"]
[Black "Marchesotti, Giovanni"]
[Result "1-0"]
[WhiteElo "1434"]
[BlackElo "1675"]
[PlyCount "95"]
[EventDate "2008.09.05"]

1. e4 c5 2. Nf3 e6 3. d4 cxd4 4. Nxd4 a6 5. Nc3 Qc7 6. a3 Nf6 7. Be3 d6 8. Be2
Be7 9. O-O O-O 10. f4 Nc6 11. Nxc6 bxc6 12. Bd3 Bb7 13. Bf2 c5 14. Qe2 d5 15.
e5 c4 16. exf6 cxd3 17. Qxd3 Bxf6 18. Bd4 Bxd4+ 19. Qxd4 Rac8 20. Kh1 Qc4 21.
Rad1 Qxd4 22. Rxd4 Rc6 23. h4 Rfc8 24. Rfd1 Rc4 25. Kh2 Rxd4 26. Rxd4 Rc4 27.
Rxc4 dxc4 28. b3 cxb3 29. cxb3 Kf8 30. g3 Ke7 31. Kg1 Kd6 32. b4 f6 33. Kf2 h6
34. Ke3 g5 35. hxg5 fxg5 36. fxg5 hxg5 37. Ne4+ Kd5 38. Nxg5 Kc4 39. Nxe6 Bd5
40. Nc7 Bb7 41. g4 Kb3 42. g5 Bc8 43. g6 Bf5 44. g7 Bh7 45. Nxa6 Ka4 46. Kd4
Kb5 47. Nc5 Bg8 48. Kc3 1-0

[Event "X Open"]
[Site "Crema ITA"]
[Date "2008.09.07"]
[Round "6"]
[White "Viviani, Giorgio"]
[Black "Bastianello, Federico"]
[Result "1/2-1/2"]
[WhiteElo "1335"]
[BlackElo "1455"]
[PlyCount "87"]
[EventDate "2008.09.05"]

1. b3 d5 2. Bb2 c5 3. Nf3 Nc6 4. e3 Bg4 5. Be2 e6 6. d3 Nf6 7. Nbd2 Be7 8. O-O
O-O 9. Ne5 Bxe2 10. Qxe2 Nxe5 11. Bxe5 Nd7 12. Bb2 e5 13. Nf3 d4 14. exd4 exd4
15. Rfe1 Bf6 16. Nd2 Re8 17. Qf3 Qc7 18. Ne4 a6 19. Re2 h6 20. Rae1 Rad8 21.
Bc1 Qb8 22. Qf5 Be7 23. Bf4 Qa8 24. Kf1 b6 25. Nd6 Bxd6 26. Bxd6 Qc8 27. Be7
Nb8 28. Qxc8 Rxc8 29. Bd6 Rxe2 30. Rxe2 Nc6 31. a3 f6 32. b4 cxb4 33. axb4 Kf7
34. Re1 a5 35. Ra1 Nxb4 36. Bxb4 axb4 37. Rb1 Rxc2 38. Rxb4 Rc6 39. Rxd4 b5 40.
Rb4 Rb6 41. Ke2 Ke6 42. d4 Kd5 43. Kd3 f5 44. f4 1/2-1/2

[Event "V Festival A"]
[Site "Positano ITA"]
[Date "2008.10.26"]
[Round "1"]
[White "Bruno, Fabio"]
[Black "Sion Castro, Marcelino"]
[Result "1-0"]
[WhiteElo "2453"]
[BlackElo "2371"]
[PlyCount "52"]
[EventDate "2008.10.26"]

1. Nf3 Nf6 2. c4 e6 3. e3 d5 4. b3 Be7 5. Bb2 O-O 6. d4 b6 7. Nc3 Bb7 8. Be2 c5
9. O-O cxd4 10. exd4 Nc6 11. Ne5 Rc8 12. Nxc6 Bxc6 13. Rc1 Qd7 14. Qd2 Qb7 15.
Rfd1 dxc4 16. bxc4 Bxg2 17. d5 Bh3 18. Qe3 Bf5 19. d6 Bd8 20. d7 Nxd7 21. Bf3
Rc6 22. Nb5 Nb8 23. Bxg7 Kxg7 24. Rxd8 Rxd8 25. Qg5+ Bg6 26. Qxd8 Qc8 1-0

[Event "V Festival A"]
[Site "Positano ITA"]
[Date "2008.10.26"]
[Round "1"]
[White "Cinque, Antonio"]
[Black "Estremera Panos, Sergio"]
[Result "0-1"]
[WhiteElo "1862"]
[BlackElo "2374"]
[PlyCount "84"]
[EventDate "2008.10.26"]

1. e4 c5 2. Nc3 d6 3. f4 g6 4. Nf3 Bg7 5. Bc4 Nc6 6. O-O e6 7. d3 Nge7 8. Qe1
O-O 9. f5 gxf5 10. Qh4 fxe4 11. dxe4 Ng6 12. Qh5 f6 13. Be3 Qe7 14. Rad1 Nce5
15. Be2 Bd7 16. Rd2 Bc6 17. Rfd1 Rad8 18. Qh3 Nxf3+ 19. Bxf3 Ne5 20. Bg4 Nxg4
21. Qxg4 f5 22. Bg5 Qf7 23. Qg3 f4 24. Qg4 Qg6 25. h3 h5 26. Qh4 Rd7 27. Bxf4
Bxc3 28. bxc3 Qxe4 29. Bg5 Qxh4 30. Bxh4 Rg7 31. Rf1 Rxf1+ 32. Kxf1 Bd5 33. a3
Rf7+ 34. Rf2 Be4 35. Bg3 e5 36. Bh4 Rxf2+ 37. Kxf2 Kf7 38. g4 hxg4 39. hxg4
Bxc2 40. Ke3 b5 41. Bd8 Ke6 42. Kd2 Bg6 0-1

[Event "V Festival A"]
[Site "Positano ITA"]
[Date "2008.10.26"]
[Round "1"]
[White "Martorelli, Antonio"]
[Black "Laketic, Gojko"]
[Result "1/2-1/2"]
[WhiteElo "2243"]
[BlackElo "2451"]
[PlyCount "27"]
[EventDate "2008.10.26"]

1. e4 e6 2. Qe2 c5 3. Nf3 Nc6 4. g3 Nf6 5. Bg2 Be7 6. O-O d5 7. d3 O-O 8. Bf4
b5 9. e5 Ne8 10. h4 Nc7 11. Nbd2 a5 12. Rfe1 b4 13. Nf1 a4 14. Ng5 1/2-1/2

[Event "V Festival A"]
[Site "Positano ITA"]
[Date "2008.10.26"]
[Round "1"]
[White "Mazzarella, Antonio"]
[Black "Dragojlovic, Andjelko"]
[Result "0-1"]
[WhiteElo "2085"]
[BlackElo "2393"]
[PlyCount "100"]
[EventDate "2008.10.26"]

1. d4 Nf6 2. c4 g6 3. Nc3 d5 4. cxd5 Nxd5 5. e4 Nxc3 6. bxc3 Bg7 7. Bc4 c5 8.
Ne2 O-O 9. O-O Nc6 10. Be3 Qc7 11. dxc5 Ne5 12. Bd5 Ng4 13. Bf4 Qxc5 14. Rc1
Ne5 15. Qd4 Nf3+ 16. gxf3 Bxd4 17. cxd4 Qa5 18. Rfd1 e6 19. Bc7 Qa6 20. Bc4 b5
21. Bd3 Bd7 22. e5 Bc6 23. Bd6 Rfc8 24. Nc3 Bxf3 25. Bxb5 Qb7 26. Re1 Rxc3 27.
Rxc3 Qxb5 28. Rxf3 Qd5 29. Rb3 Qxd4 30. Reb1 h5 31. a3 Rc8 32. Rb8 Rxb8 33.
Rxb8+ Kg7 34. Bf8+ Kh7 35. Bd6 g5 36. Rf8 Kg7 37. Rb8 g4 38. Kg2 a5 39. Kg3 Kg6
40. Rg8+ Kf5 41. Rf8 Qf4+ 42. Kg2 Qf3+ 43. Kg1 Kg6 44. Rh8 f5 45. Rg8+ Kh7 46.
Rf8 h4 47. Rf7+ Kg8 48. Rf6 f4 49. Rf8+ Kg7 50. Re8 Qd1+ 0-1

[Event "V Festival A"]
[Site "Positano ITA"]
[Date "2008.10.26"]
[Round "1"]
[White "Piscopo, Pierluigi"]
[Black "Courbi, Stephane"]
[Result "1-0"]
[WhiteElo "2380"]
[BlackElo "2038"]
[PlyCount "79"]
[EventDate "2008.10.26"]

1. e4 c5 2. Nf3 e6 3. Qe2 a6 4. g3 b5 5. Bg2 Bb7 6. d3 d6 7. O-O Nd7 8. d4 cxd4
9. Nxd4 Qb6 10. Be3 Qc7 11. Bd2 Ngf6 12. a4 bxa4 13. Rxa4 Rc8 14. Ba5 Qb8 15.
Nc3 e5 16. Nf5 g6 17. Ne3 Be7 18. Raa1 Rxc3 19. bxc3 Qa8 20. f3 h5 21. h4 O-O
22. Bb4 Re8 23. Rfd1 Nc5 24. Bxc5 dxc5 25. Nc4 Bf8 26. Bh3 Rd8 27. Rxd8 Qxd8
28. Qd3 Qc7 29. Na5 Bc8 30. Bxc8 Qxc8 31. Kg2 g5 32. hxg5 Nh7 33. Rh1 Nxg5 34.
Rxh5 f6 35. Qd5+ Nf7 36. Rh4 Bg7 37. Nc6 Qf8 38. Qe6 Bh8 39. Rg4+ Kh7 40. Qf5+
1-0

[Event "V Festival A"]
[Site "Positano ITA"]
[Date "2008.10.27"]
[Round "2"]
[White "Courbi, Stephane"]
[Black "Mazzarella, Antonio"]
[Result "1/2-1/2"]
[WhiteElo "2038"]
[BlackElo "2085"]
[PlyCount "118"]
[EventDate "2008.10.26"]

1. e4 e6 2. d4 d5 3. Nc3 dxe4 4. Nxe4 Nd7 5. Nf3 Ngf6 6. Nxf6+ Nxf6 7. Bd3 Be7
8. c3 c5 9. dxc5 Bxc5 10. Qe2 Qc7 11. O-O h6 12. Ne5 O-O 13. Bf4 Bd6 14. Bg3
Nd7 15. Nxd7 Qxd7 16. Rad1 Bxg3 17. Bh7+ Kxh7 18. Rxd7 Bxd7 19. Qd3+ Kg8 20.
Qxd7 Be5 21. Qxb7 Rab8 22. Qe4 Bf6 23. Qc2 Rfc8 24. f4 g6 25. Rf3 Rb5 26. Rd3
Rb4 27. Qd2 Rbc4 28. Rd7 a5 29. g3 a4 30. a3 g5 31. f5 R4c6 32. fxe6 Rxe6 33.
Qd5 Rce8 34. Qf3 Kg7 35. Rd2 Bd8 36. c4 Ba5 37. Rc2 Rf6 38. Qd5 Re1+ 39. Kg2
Bc7 40. c5 Rff1 41. Rf2 Rxf2+ 42. Kxf2 Re6 43. Qd4+ Be5 44. Qxa4 Bxb2 45. Qb4
Be5 46. a4 Re8 47. c6 Rb8 48. Qc4 Bc7 49. Qd4+ Kg6 50. Qd7 Rb2+ 51. Kf3 Rb3+
52. Ke4 Rb4+ 53. Kd5 Bb6 54. Qc8 Rd4+ 55. Ke5 f6+ 56. Ke6 Re4+ 57. Kd6 Rd4+ 58.
Ke7 Re4+ 59. Kd6 Rd4+ 1/2-1/2